000 00320nam a2200133Ia 4500
008 231129s1980||||xx |||||||||||||| ||spa||
040 _bspa
082 _a325.32 F214c
100 _aFanon Frantz
245 0 _aLos condenados de la tierra
260 _c1980
264 _aFondo de Cultura Economica
942 _2ddc
_cBKS
999 _c19564
_d19564